| 000 | 01146nam0a2200301 4500 | ||
|---|---|---|---|
| 001 | RU\NLR\BIBL_A\022528621 | ||
| 005 | 20250721123347.0 | ||
| 010 |
_a978-5-4316-1204-6 _92500 |
||
| 035 | _a(NLR Aleph) 022528621 | ||
| 090 |
_a13450501 _c13450501 |
||
| 100 | _a20250423d2025 |||y0rusy50 ca | ||
| 101 | 0 | _arus | |
| 102 | _aRU | ||
| 105 | _aa z 000yy | ||
| 181 | 0 |
_ai _baxxe |
|
| 182 | 0 | _an | |
| 200 | 1 |
_aАнтидепрессанты в общей клинической практике _fНина Владимировна Латышева |
|
| 203 |
_aТекст _bвизуальный _cнепосредственный |
||
| 210 |
_aМосква _cМАИ _d2025 |
||
| 215 |
_a195 с. _cил. _d21 |
||
| 300 | _aНа 2-й с. обл. авт.: Н. В. Латышева, д-р мед. наук, проф. | ||
| 606 | 1 |
_aАнтидепрессивные средства _xЛечебное применение _9983297 _3RU\NLR\AUTH\6652137 |
|
| 686 | 1 | _aР281.705-6 | |
| 700 | 1 |
_aЛатышева _bН. В. _gНина Владимировна |
|
| 942 | _cBOOK | ||
| 980 | _aNB | ||